Handbook of Microbiology

Guardat en:
Dades bibliogràfiques
Autor principal: Jacobs, Morris B (Autor)
Altres autors: Gerstein, Maurice J
Format: Llibre
Idioma:anglès
Publicat: Princeton D. van Nostrand 1960
Matèries:
Etiquetes: Afegir etiqueta
Sense etiquetes, Sigues el primer a etiquetar aquest registre!

MARC

LEADER 00000nam a2200000 a 4500
001 UCL4726
003 CL-VaPUC
005 20230411074547.0
008 040123e19600000us |||||||||||||||||eng|d
999 |c 307503  |d 307501 
040 |c Pontificia Universidad Católica de Valparaíso 
082 0 4 |a 616.01 JAC 1960  |2 21 
100 |a Jacobs, Morris B  |e author  |9 482364 
245 1 0 |a Handbook of Microbiology 
260 |a Princeton  |b D. van Nostrand  |c 1960 
300 |a 322 páginas 
583 |a last modification  |c 20150504 03:26:42  |k Rodrigo Vera 
650 0 |a Microbiología   |9 259706 
650 0 |a Inmunología  |9 329894 
650 0 |a Enfermedades infecciosas  |9 337719 
700 0 |a Gerstein, Maurice J  |9 482365 
942 |c BK  |2 ddc 
945 |d 20040123 00:00:00  |a cmena 
952 |0 0  |1 0  |2 ddc  |4 0  |6 616_010000000000000_JAC_1960  |7 0  |8 A  |9 373486  |a BIBCUR  |b BIBCUR  |d 2019-11-21  |i 2110806  |o 616.01 JAC 1960  |p 2110806  |r 2025-04-22  |t 1  |w 2019-11-21  |y BK  |k BIO